NBA 20 Points per Game Rookies - Statistics

General Stats
  • This quiz has been taken 95 times
    72 since last reset
  • The average score is 16 of 42
Answer Stats
Team PPG Answer % Correct
Philadelphia Warriors 37.6 Wilt Chamberlain
94%
Cleveland Caveliers 20.9 Lebron James
92%
Chicago Bulls 28.2 Michael Jordan
89%
Milwaukee Bucks 28.8 Kareem Abdul-Jabbar
76%
San Antonio Spurs 21.1 Tim Duncan
71%
Seattle Supersonics 20.3 Kevin Durant
70%
Orlando Magic 23.4 Shaquille O'Neal
67%
Boston Celtics 21.3 Larry Bird
65%
San Antonio Spurs 24.3 David Robinson
63%
Milwaukee Bucks 21.9 Glenn Robinson
62%
Dallas Mavericks 21.2 Luka Doncic
60%
Houston Rockets 20.6 Hakeem Olajuwon
59%
Cincinnati Royals 30.5 Oscar Robertson
59%
New York Knicks 20 Patrick Ewing
59%
Philadelphia 76ers 23.5 Allen Iverson
52%
Denver Nuggets 21 Carmelo Anthony
52%
St. Louis Hawks 20.4 Bob Pettit
44%
Minneapolis Lakers 24.9 Elgin Baylor
44%
Los Angeles Clippers 22.5 Blake Griffin
43%
Utah Jazz 20.5 Donovan Mitchell
40%
San Francisco Warriors 25.7 Rick Barry
35%
San Diego Rockets 28.4 Elvin Hayes
33%
Phoenix Suns 24.2 Walter Davis
33%
Atlanta Hawks 23.2 Pete Maravich
25%
New Jersey Nets 24.2 Bernard King
24%
Buffalo Braves 20.3 Adrian Dantley
21%
Charlotte Hornets 21 Alonzo Mourning
21%
Baltimore Bullets 24.3 Earl Monroe
19%
Houston Rockets 21 Ralph Sampson
16%
Golden State Warriors 22 Mitch Richmond
14%
Chicago Packers 31.6 Walt Bellamy
13%
Chicago Bulls 20.1 Elton Brand
10%
Cleveland Cavaliers 22.9 Ron Harper
10%
Detroit Pistons 20 Dave Bing
6%
San Diego Clippers 23.7 Terry Cummings
6%
Sacramento Kings 20.1 Tyreke Evans
5%
Portland Trail Blazers 24.8 Geoff Petrie
3%
New York Knicks 21.7 Bill Cartwright
2%
Utah Jazz 20.6 Darrell Griffith
2%
Portland Trail Blazers 24.5 Sidney Wicks
2%
Chicago Zephyrs 25.5 Terry Dischinger
2%
Indianapolis Olympians 23.4 Alex Groza
0%
No matching quizzes found
Score Distribution
Percent of People with Each Score
Percentile by Number Answered
Your Score History
You have not taken this quiz since the last reset